| 000 | 00723cam a2200241 a 4500 | ||
|---|---|---|---|
| 020 | _a9780821363263 | ||
| 020 | _a0821363263 | ||
| 020 | _a9780821363270 (electronic) | ||
| 020 | _a0821363271 (electronic) | ||
| 040 | _cDLC | ||
| 082 | 0 | 0 | _a336 WOR 2008 A010 Or. |
| 245 | 0 | 0 | _aMacro federalism and local finance / |
| 260 |
_aWashington, D.C. : _bWorld Bank, _cc2008. |
||
| 300 |
_axxii, 338 p. : _bill. ; _c23 cm. |
||
| 650 | 0 | _aIntergovernmental fiscal relations | |
| 650 | 0 | _aFederal government | |
| 650 | 0 | _aLocal finance | |
| 650 | 0 | _aDecentralization in government | |
| 650 | 0 | _aFinance, Public | |
| 700 | 1 | _aShah, Anwar. | |
| 856 | 4 | 1 | _uhttp://www.loc.gov/catdir/toc/ecip0811/2008006103.html |
| 942 | _cEK | ||
| 999 |
_c13665 _d13665 |
||